Normal view
MARC view
- البورصات - القواميس - العربية -- اللغة الإنجليزية - القواميس - العربية
Entry Topical Term
001 - CONTROL NUMBER
- control field: 27524
003 - CONTROL NUMBER IDENTIFIER
- control field: JO-AjAnu
005 - DATE AND TIME OF LATEST TRANSACTION
- control field: 20230606074656.0
008 - FIXED-LENGTH DATA ELEMENTS
- fixed length control field: 230606|| aca||aabn | a|a d
040 ## - CATALOGING SOURCE
- Original cataloging agency: JO-AjAnu
- Transcribing agency: JO-AjAnu
150 ## - HEADING--TOPICAL TERM
- Topical term or geographic name entry element: البورصات - القواميس - العربية -- اللغة الإنجليزية - القواميس - العربية
670 ## - SOURCE DATA FOUND
- Source citation: Work cat.: (JO-AjAnu)14134: أعداد تحسين التاجي الفاروقي ؛ تيسير عبد الجابر، مراجع, author 27523, Lexicon of stock market terms English-Arabic = قاموس الأسواق و الأوراق المالية : إنجليزي عربي